000 00835nam a22002297a 4500
999 _c19790
_d19790
005 20251125232918.0
008 s2543 th tha d
020 _a9745727741
040 _aNALT
041 _atha
100 0 _aปรีดี เกษมทรัพย์
245 1 0 _aนิติปรัชญา [5th]
260 3 _aกรุงเทพฯ :
_bมหาวิทยาลัยธรรมศาสตร์,
_c2543
300 _a348 หน้า :
_b ตาราง ;
_c 26 ซม.
650 0 4 _aกฎหมาย
650 0 4 _aนิติศาสตร์ -- ปรัชญา
850 _aNALT
856 4 0 _uhttps://hdl.handle.net/20.500.14156/446676
_71
942 _cLB
_2lcc
998 _j25
_k นีลวัสน์ อินทรักษา
090 _aKC1 ป472น 2543